书目信息 |
| 题名: |
现代涉外礼仪
|
|
| 作者: | 刘仁民 编著 | |
| 分册: | ||
| 出版信息: | 北京 中国环境科学出版社 1997.11 |
|
| 页数: | 234页 | |
| 开本: | 32开 | |
| 丛书名: | ||
| 单 册: | ||
| 中图分类: | D802.2 | |
| 科图分类: | ||
| 主题词: | 外交理论 , 国际关系理论 | |
| 电子资源: | ||
| ISBN: | 7-80135-327-7 | |
| 000 | 00583nam0 2200205 45 | |
| 001 | 0007191684 | |
| 005 | 20000719165132.6 | |
| 010 | @a7-80135-327-7@d11.00元 | |
| 100 | @a20000719d1997 km y0chiy0120 ea | |
| 101 | 0 | @achi |
| 105 | @a z 000yy | |
| 200 | 1 | @a现代涉外礼仪@AXian Dai She Wai Li Yi@f刘仁民等编著@FLiu Ren Min Deng Bian Zhu |
| 210 | @a北京@c中国环境科学出版社@d1997.11 | |
| 215 | @a234页@d32开 | |
| 606 | 0 | @a外交理论 |
| 606 | 0 | @a国际关系理论 |
| 690 | @aD802.2@v3 | |
| 701 | 0 | @a刘仁民@4编著 |
| 801 | @aCN@bPftUser@c20000719 | |
| 905 | @b69002-011@dD802.2@eL537@f10 | |
| 现代涉外礼仪/刘仁民等编著.-北京:中国环境科学出版社,1997.11 |
| 234页;32开 |
| ISBN 7-80135-327-7:11.00元 |
| ● |
| 相关链接 |
|
|
|
正题名:现代涉外礼仪
索取号:D802.2/L537
 
预约/预借
| 序号 | 登录号 | 条形码 | 馆藏地/架位号 | 状态 | 备注 |
| 1 | 69002 | 200690029 | 社科库509/509社科库 78排7列4层/ [索取号:D802.2/L537] | 在馆 | |
| 2 | 69003 | 200690038 | 社科库509/422社科库 41排2列3层/ [索取号:D802.2/L537] | 在馆 | |
| 3 | 69004 | 200690047 | 社科库509/422社科库 41排2列3层/ [索取号:D802.2/L537] | 在馆 | |
| 4 | 69005 | 200690056 | 社科库509/422社科库 41排2列3层/ [索取号:D802.2/L537] | 在馆 | |
| 5 | 69006 | 200690065 | 社科库509/422社科库 41排2列3层/ [索取号:D802.2/L537] | 在馆 | |
| 6 | 69007 | 200690074 | 社科库509/422社科库 41排2列3层/ [索取号:D802.2/L537] | 在馆 | |
| 7 | 69008 | 200690083 | 社科库509/422社科库 41排2列3层/ [索取号:D802.2/L537] | 在馆 | |
| 8 | 69009 | 200690092 | 社科库509/422社科库 41排2列3层/ [索取号:D802.2/L537] | 在馆 | |
| 9 | 69010 | 200690109 | 社科库509/509社科库 78排7列4层/ [索取号:D802.2/L537] | 在馆 | |
| 10 | 69011 | 200690118 | 社科库509/509社科库 78排7列4层/ [索取号:D802.2/L537] | 在馆 |